00960nab a2200265 uc450000100070000000500170000700800410002403500110006503500210007604000130009704100080011010000430011824500360016165000310019765000290022865000130025765000330027065000710030365000730037465000280044765000300047565000320050565000270053777301300056493315820240201201325.0050705e20031201 spa  a933158 a(OCoLC)820326105 ccomduadb aspa10aGómez Botero, Gloria Elena4auteaut10aClinica del objeto: la anorexia aClínica psicoanalítica aObjeto (Psicoanálisis) aAnorexia aHistoria de las enfermedades 7aTrastornos de alimentación y de la ingestión de alimentos2dcs 7aManual diagnóstico y estadístico de los trastornos mentales2dcs aDeseo (Psicoanálisis) aDemanda (Psicoanálisis) aSíntoma (Psicoanálisis) aOtro (Psicoanálisis)0 tDesde el Jardín de Freud : Revista de Psicoanálisis (Bogotá)gNo. 003, Dic. 2003, p. 146-162w701954x1657-39860215619